Carregando...
Tagorinte prabhandangal, Vol 1 /
| Autor principal: | |
|---|---|
| Formato: | Printed Book |
| Idioma: | Malayalam |
| Publicado em: |
New Delhi :
Sahitya Academy ,
1962.
|
| LEADER | 00572cam a2200181ua 4500 | ||
|---|---|---|---|
| 020 | |c 10.00 | ||
| 041 | |a mal | ||
| 082 | |a 894.8124 |b TAG/TA | ||
| 100 | |a Tagore, Ravindra Nath. | ||
| 245 | |a Tagorinte prabhandangal, Vol 1 / |c Rabindra Nath Tagore. |h Textual Documents | ||
| 260 | |a New Delhi : |b Sahitya Academy , |c 1962. | ||
| 300 | |a 655 ; . | ||
| 365 | |a 10.00 | ||
| 504 | |||
| 541 | |e 4660 |h 10.00 | ||
| 942 | |c BK | ||
| 999 | |c 33500 |d 33500 | ||
| 952 | |0 0 |1 0 |4 0 |6 894_812400000000000 |7 0 |9 43986 |a KAUAET |b KAUAET |d 2012-04-07 |m 0 |o 894.8124 |p KAU_KCAET-4660 |r 2012-04-07 |w 2012-04-07 |y BK | ||